El principio de causalidad en la contratacion temporal (Registro nro. 232266)

Detalles MARC
001 - NÚMERO DE CONTROL
campo de control 722550
005 - FECHA Y HORA DE LA ÚLTIMA TRANSACCIÓN
campo de control 20241023091040.0
008 - DATOS DE LONGITUD FIJA--INFORMACIÓN GENERAL
campo de control de longitud fija 020226s2001 spa
035 ## - NÚMERO DE CONTROL DEL SISTEMA
Número de control de sistema 722550
035 ## - NÚMERO DE CONTROL DEL SISTEMA
Número de control de sistema (OCoLC)819933768
040 ## - FUENTE DE LA CATALOGACIÓN
Centro/agencia transcriptor comduadb
041 ## - CÓDIGO DE LENGUA
Código de lengua del texto/banda sonora o título independiente spa
100 10 - ENTRADA PRINCIPAL--NOMBRE DE PERSONA
Nombre de persona Aguilera Izquierdo, Raquel
Código de función aut
Término indicativo de función/relación Autor/a
9 (RLIN) 507360
245 13 - MENCIÓN DE TÍTULO
Título El principio de causalidad en la contratacion temporal
650 #7 - PUNTO DE ACCESO ADICIONAL DE MATERIA--TÉRMINO DE MATERIA
Término de materia o nombre geográfico como elemento de entrada Contratos de trabajo
Fuente del encabezamiento o término embne
9 (RLIN) 37458
650 #7 - PUNTO DE ACCESO ADICIONAL DE MATERIA--TÉRMINO DE MATERIA
Término de materia o nombre geográfico como elemento de entrada Política de empleo
Fuente del encabezamiento o término embne
9 (RLIN) 13003
650 #7 - PUNTO DE ACCESO ADICIONAL DE MATERIA--TÉRMINO DE MATERIA
Término de materia o nombre geográfico como elemento de entrada Mercado laboral
Fuente del encabezamiento o término lemb
9 (RLIN) 102197
650 ## - PUNTO DE ACCESO ADICIONAL DE MATERIA--TÉRMINO DE MATERIA
Término de materia o nombre geográfico como elemento de entrada Reforma laboral - España
9 (RLIN) 88941
650 #7 - PUNTO DE ACCESO ADICIONAL DE MATERIA--TÉRMINO DE MATERIA
Término de materia o nombre geográfico como elemento de entrada Causalidad
Fuente del encabezamiento o término lemb
9 (RLIN) 16854
650 ## - PUNTO DE ACCESO ADICIONAL DE MATERIA--TÉRMINO DE MATERIA
Término de materia o nombre geográfico como elemento de entrada Empleo y desempleo - España
9 (RLIN) 5230
773 0# - ENLACE AL DOCUMENTO FUENTE/ENTRADA DE REGISTRO ANFITRIÓN
Título Revista del Ministerio de Trabajo y Asuntos Sociales (Madrid)
Parte(s) relacionada(s) Número 033 de 2001. Derecho del trabajo, p. 99-122
Número de control del registro 321927
Número Internacional Normalizado para Publicaciones Seriadas 1137-5868
Número bibliográfico anfitrión 106617
942 ## - ELEMENTOS DE ENTRADA AGREGADA (KOHA)
Tipo de ítem Koha Artículo de Revista

No hay ítems disponibles.